Normal view
MARC view
Entry Nombre geográfico
001 - NÚMERO DE CONTROL
- campo de control: 57465
003 - IDENTIFICADOR DEL NÚMERO DE CONTROL
- campo de control: OSt
005 - FECHA Y HORA DE LA ÚLTIMA TRANSACCIÓN
- campo de control: 20200615034903.0
008 - DATOS DE LONGITUD FIJA
- campo de control de longitud fija: 200615|| aca||aabn | a|a d
040 ## - FUENTE DE LA CATALOGACIÓN
- Centro catalogador/agencia de origen: OSt
- Centro/agencia transcriptor: OSt
151 ## - ENCABEZAMIENTO--NOMBRE GEOGRÁFICO
- Nombre geográfico: SANTO DOMINGO (REPÚBLICA DOMINICANA : CIUDAD)
- Subdivisión general: DESCRIPCIONES
- Subdivisión general: VISTAS
670 ## - FUENTE DE DATOS ENCONTRADOS
- Cita de la fuente: Work cat.: (OSt)30438: Feria de la Paz y Confraternidad del Mundo Libre : (diciembre, 1955 : Ciudad Trujillo, República Dominicana) 57461, Album de oro de la Feria de la Paz y Confraternidad del Mundo Libre., 1956-1957.
